00674nam a22001937a 450000500170000000800410001702000180005804000280007605000110010410000190011524500910013426400780022530000300030333600210033333700250035433800230037950400510040265000270045320250520124046.0250520b |||||||| |||| 00| 0 eng d a9780124114616 aDLCbengcDLCerdadKMU00aHD38.71 aSherman, Rick.10aBusiness intelligence guidebook :bfrom data integration to analytics /cRick Sherman. 1aAmsterdam :bElsevier, Morgan Kaufmann is an imprint of Elsevier,c[2015] axxiii, 525 pages ;c24 cm atext2rdacontent aunmediated2rdamedia avolume2rdacarrier aIncludes bibliographical references and index. 0aBusiness intelligence.